開港と維新
সংরক্ষণ করুন:
| প্রধান লেখক: | |
|---|---|
| বিন্যাস: | গ্রন্থ |
| ভাষা: | Undetermined |
| প্রকাশিত: |
東京
岩波書店
1989
|
| বিষয়গুলি: | |
| ট্যাগগুলো: |
ট্যাগ যুক্ত করুন
কোনো ট্যাগ নেই, প্রথমজন হিসাবে ট্যাগ করুন!
|
| Thư viện lưu trữ: | Trung tâm Học liệu Trường Đại học Cần Thơ |
|---|
| LEADER | 00523nam a2200193Ia 4500 | ||
|---|---|---|---|
| 001 | CTU_80614 | ||
| 008 | 210402s9999 xx 000 0 und d | ||
| 082 | |a 330.952 | ||
| 082 | |b U51 | ||
| 100 | |a 梅村又次(うめむら またじ) | ||
| 245 | 0 | |a 開港と維新 | |
| 245 | 0 | |c 梅村又次, 山本有造 | |
| 260 | |a 東京 | ||
| 260 | |b 岩波書店 | ||
| 260 | |c 1989 | ||
| 650 | |a Japan | ||
| 650 | |x Economic Conditions | ||
| 904 | |i Ngoc,Hải | ||
| 980 | |a Trung tâm Học liệu Trường Đại học Cần Thơ | ||